Geografia krajów półwyspu skandynawskiego od A do Z - Statystyki

Ogólne statystyki
  • Ten quiz został rozwiązany 33 razy
  • Średni wynik to 18 z 23
Statystyki odpowiedzi
Litera Pytanie Odpowiedź % Poprawnych
D Tuż u wybrzeży Szwecji znajduje się Kopenhaga, stolicą którego kraju jest to miasto? Dania
100%
F Jakim terminem określa się wąską, głęboko wrzynająca się w ląd zatokę morską o stromych i skalistych brzegach. Formacje te możemy podziwiać między innymi w Norwegii. Fiord
96%
H Które miasto jest stolicą Finlandii? Helsinki
96%
O Które miasto jest stolicą Norwegii? Oslo
96%
Ż Jakiego koloru jest krzyż we fladze Szwecji? Żółty
96%
E Jaką nazwę nosi waluta obowiązująca w Finlandii? Euro
92%
K Jaką nazwę nosi jednostka monetarna Norwegii? Korona norweska
92%
N Od 2024 roku wszystkie kraje skandynawskie są członkami tej międzynarodowej organizacji militarnej. -podać nazwę skrótową. NATO
92%
M Podróżując mostem z Kopenhagi na półwysep skandynawski dotrzemy to tego trzeciego największego miasta w Szwecji. Malmo
88%
P Cieśnina Kattegat z jakim innym morze łączy morze bałtyckie? Północne
88%
S W którym skandynawskim mieście w 1912 roku odbyły Letnie Igrzyska Olimpijskie? Sztokholm
88%
Z Jak nazywa się obserwowane w górnej atmosferze, zjawisko świetlne charakteryzujące się silnym polem magnetycznym obserwowalne między innymi w północnych regionach Norwegii? Zorza polarna
88%
R Norwegia jest największym europejskim eksporterem tego surowca naturalnego. Ropa naftowa
80%
J Finlandia posiada ich przeszło aż 188 000. Jezioro
76%
G Jaką nazwę nosi szwedzka wyspa na morzu bałtyckim z portem w Visby? Gotlandia
72%
B Jaką nazwę nosi zatoka znajdująca się między Szwecją a Finlandia? Botnicka
68%
C Kattegat, Sund, Wielki Bełt, Mały Bełt to przykład jakiego zbiornika wodnego? Cieśnina
68%
W Jakim terminem określa się członków drużyn skandynawskich podejmujących od końca VIII do XI w. dalekosiężne wyprawy o charakterze rabunkowy, kupieckim i osiedlowym? Wikingowie
68%
L Jakie zwierze znajduje się w herbie Finlandii? Lew
64%
I Norwegia jest jednym z największych światowych eksporterów ryb, jaką nazwę nosi dział zoologii zajmujący się tymi stworzeniami? Ichtiologia
52%
U Które szwedzkie miasto stanowi centrum kościelne Szwecji, będącego siedzibą zwierzchnika ewangelicko-luterańskiego? Uppsala
52%
A Jak miał na nazwisko norweski polarnik który jako pierwszy zdobył biegun południowy? Amundsen
48%
T Językiem jakiego mitycznego nordyckiego stworzenia określa się długą na kilkanaście metrów formacja skalna o charakterystycznym kształcie nad taflą jeziora Ringedalsvatnet? Troll
36%
Nie znaleziono quizów pasujących do podanych kryteriów
Rozkład punktacji
Procent ludzi z każdym wynikiem
Percentyl według liczby udzielonych odpowiedzi
Twoja historia wyników
Nie rozwiązałeś tego quizu